00626nam a2200193 a 450000500170000000800410001702000180005805000290007610000250010524501000013025000120023026000370024230000290027952100070030865000420031565000310035765000250038870000190041320140310183510.0101021s19uu xx 00 eng d a9780240810829 aPN 1995.9.P7b.K538 2009 aMusburger, Robert B. aIntroduction to media production :bthe path to digital media production /cRobert B. Musburger a4th ed. aAmsterdam :bFocal Press,c2009. a509 p. :bill. ;c25 cm. aMA aTelevisionxProduction and direction. aAnalog electronic systems. aDigital electronics. aKindem, Gorham